000 00447nam a2200133Ia 4500
008 231129s1994||||xx |||||||||||||| ||spa||
020 _a958-601-523-8
040 _bspa
082 _a338.17373 N384n
245 0 _aEl negocio cafetero ante el mercado libre : informe de la comisión mixta para el estudio del café
260 _c1994
264 _aBogotá Colombia : Tercer Mundo Editores
942 _2ddc
_cBKS
999 _c11835
_d11835